The Longman Dictionary of Law (Record no. 3451)
[ view plain ]
| 005 - DATE AND TIME OF LATEST TRANSACTION | |
|---|---|
| control field | 20250607131408.0 |
| 020 ## - INTERNATIONAL STANDARD BOOK NUMBER | |
| International Standard Book Number | 978-0-582-89426-6 |
| 082 ## - DEWEY DECIMAL CLASSIFICATION NUMBER | |
| Classification number | REF 349.03 CUR |
| 100 ## - MAIN ENTRY--PERSONAL NAME | |
| Author name | CURZON, B. |
| 245 ## - TITLE STATEMENT | |
| Title | The Longman Dictionary of Law |
| 250 ## - EDITION STATEMENT | |
| Edition statement | 7th ED. |
| 260 ## - PUBLICATION, DISTRIBUTION, ETC. | |
| Place of publication, distribution, etc. | New York, |
| Name of publisher, distributor, etc. | Pearson , |
| Date of publication, distribution, etc. | 2007. |
| 300 ## - PHYSICAL DESCRIPTION | |
| Extent | xx, 631p.: . |
| Dimensions | 22cm. |
| 700 ## - ADDED ENTRY--PERSONAL NAME | |
| Other authors/Editors | RICHARDS, P.H. |
| 942 ## - ADDED ENTRY ELEMENTS (KOHA) | |
| Source of classification or shelving scheme | Dewey Decimal Classification |
| Koha item type | Books |
No items available.
